LECTURES ON BUSINESS AND CORPORATE LAWS (Record no. 8460)

MARC details
000 -LEADER
fixed length control field 00374nam a2200145Ia 4500
008 - FIXED-LENGTH DATA ELEMENTS--GENERAL INFORMATION
fixed length control field 240624s9999 xx 000 0 und d
041 ## - LANGUAGE CODE
Language code of text/sound track or separate title eng
082 ## - DEWEY DECIMAL CLASSIFICATION NUMBER
Classification number 346.07 KAP
100 ## - MAIN ENTRY--PERSONAL NAME
Personal name KAPOOR G K
245 ## - TITLE STATEMENT
Title LECTURES ON BUSINESS AND CORPORATE LAWS
250 ## - EDITION STATEMENT
Edition statement (5th ed.)
260 ## - PUBLICATION, DISTRIBUTION, ETC.
Date of publication, distribution, etc. 2004
Place of publication, distribution, etc. New Delhi
Name of publisher, distributor, etc. Vidya Sadan
300 ## - PHYSICAL DESCRIPTION
Extent viii, : 161 : p. : cm. ; 25
365 ## - TRADE PRICE
Currency code RS
Price amount 10
Holdings
Withdrawn status Lost status Damaged status Not for loan Home library Current library Shelving location Date acquired Source of acquisition Cost, normal purchase price Total Holds Full call number Barcode Date last seen Copy number Price effective from Koha item type
Store Books       IMTN IMTN Rack 13-B 02/27/2008 IBH 200.00 814 346.07 KAP 8460 06/24/2024 1 06/24/2024 Books
Designed & Maintained by: LRC IMT Nagpur Contact: lrc@imtnag.ac.in© 2024. All Rights Reserved.